[Event "Moscow Aeroflot op-B 11th"]
[Site "Moscow"]
[Date "2012.02.12"]
[Round "6"]
[White "Tonoian, Armen"]
[Black "Gagare, Shardul"]
[Result "0-1"]
[WhiteElo "2374"]
[BlackElo "2268"]
[PlyCount "100"]
[EventDate "2012.02.07"]
[EventType "swiss"]
[EventRounds "9"]
[EventCountry "RUS"]
[SourceTitle "CBM 146 Extra"]
[Source "ChessBase"]
[SourceDate "2012.02.29"]
[SourceVersion "1"]
[SourceVersionDate "2012.02.29"]
[SourceQuality "1"]

1. d4 d5 2. c4 dxc4 3. e4 Nf6 4. e5 Nd5 5. Bxc4 Nb6 6. Bb3 Nc6 7. Ne2 Bf5 8. Nbc3 e6 9. a3 Qd7 10. 0-0 0-0-0 11. Be3 f6 12. exf6 gxf6 13. Ng3 Nxd4 14. Bxd4 Qxd4 15. Nxf5 exf5 16. Nb5 Qxd1 17. Rfxd1 Bc5 18. Rxd8+ Rxd8 19. Rc1 Bd6 20. Be6+ Kb8 21. Nxd6 Rxd6 22. Bxf5 h6 23. g3 a5 24. b3 a4 25. bxa4 Rd4 26. Re1 c5 27. Re8+ Ka7 28. Rh8 Rd5 29. Bc2 Rd2 30. Bf5 Rd5 31. Bc2 Rd2 32. a5 Nc4 33. Bg6 Ne5 34. Rxh6 c4 35. Bh7 c3 36. Rxf6 Nd3 37. Bxd3 Rxd3 38. Rf4 c2 39. Rc4 Rd1+ 40. Kg2 c1Q 41. Rxc1 Rxc1 42. h4 Kb8 43. Kf3 Kc7 44. Kg4 Kd6 45. Kg5 Ke7 46. f4 Kf7 47. g4 Kg7 48. f5 Rc4 49. h5 Rc6 50. Kh4 Rf6 0-1

[Event "Moscow Aeroflot op-B 11th"]
[Site "Moscow"]
[Date "2012.02.09"]
[Round "3"]
[White "Tsydypov, Zhamsaran"]
[Black "Tonoian, Armen"]
[Result "1-0"]
[WhiteElo "2321"]
[BlackElo "2374"]
[PlyCount "73"]
[EventDate "2012.02.07"]
[EventType "swiss"]
[EventRounds "9"]
[EventCountry "RUS"]
[SourceTitle "CBM 146 Extra"]
[Source "ChessBase"]
[SourceDate "2012.02.29"]
[SourceVersion "1"]
[SourceVersionDate "2012.02.29"]
[SourceQuality "1"]

1. e4 c5 2. Nf3 e6 3. d4 cxd4 4. Nxd4 Nc6 5. Nc3 Qc7 6. g3 a6 7. Bg2 d6 8. Nb3 Nf6 9. 0-0 Be7 10. f4 0-0 11. g4 Re8 12. a4 b6 13. g5 Nd7 14. f5 Bf8 15. Kh1 Bb7 16. Qg4 Nde5 17. Qh3 Nb4 18. Nd4 exf5 19. exf5 d5 20. Bf4 Qd7 21. Rae1 Nc4 22. g6 fxg6 23. b3 Nd6 24. Bxd6 Bxd6 25. Nce2 gxf5 26. Nxf5 Kh8 27. Ned4 Be5 28. Rxe5 Rxe5 29. Qc3 a5 30. Qg3 Rae8 31. Bh3 Qc7 32. Nb5 Qd7 33. Nfd6 d4+ 34. Kg1 Qe7 35. Nf7+ Kg8 36. Nbd6 Bd5 37. Nxe8 1-0

[Event "Moscow Aeroflot op-B 11th"]
[Site "Moscow"]
[Date "2012.02.08"]
[Round "2"]
[White "Tonoian, Armen"]
[Black "Guliyev, Namig"]
[Result "0-1"]
[WhiteElo "2374"]
[BlackElo "2545"]
[PlyCount "84"]
[EventDate "2012.02.07"]
[EventType "swiss"]
[EventRounds "9"]
[EventCountry "RUS"]
[SourceTitle "CBM 146 Extra"]
[Source "ChessBase"]
[SourceDate "2012.02.29"]
[SourceVersion "1"]
[SourceVersionDate "2012.02.29"]
[SourceQuality "1"]

1. d4 d5 2. c4 dxc4 3. e4 b5 4. a4 c6 5. axb5 cxb5 6. Nc3 Bd7 7. Nf3 e6 8. Be2 Bb4 9. 0-0 Nf6 10. Bg5 h6 11. Bxf6 Qxf6 12. Ne5 Qd8 13. d5 Bxc3 14. bxc3 Qc7 15. f4 0-0 16. Kh1 a6 17. Qd4 exd5 18. exd5 Qd6 19. Rae1 Bf5 20. g4 Bc2 21. f5 Nd7 22. Nxd7 Qxd7 23. f6 Rfe8 24. Bf3 Bd3 25. Rg1 gxf6 26. Qxf6 Rxe1 27. Rxe1 Re8 28. Re5 Qd8 29. Qf4 Rxe5 30. Qxe5 Qg5 31. Qe8+ Kg7 32. Kg2 b4 33. d6 bxc3 34. d7 c2 35. d8Q Qxd8 36. Qxd8 c1Q 37. Qd4+ Kg8 38. Qd8+ Kh7 39. Qf6 Qf1+ 40. Kg3 Qg1+ 41. Bg2 Qe1+ 42. Kh3 Bg6 0-1

[Event "Moscow Aeroflot op-B 11th"]
[Site "Moscow"]
[Date "2012.02.07"]
[Round "1"]
[White "Gavrilov, Alexei"]
[Black "Tonoian, Armen"]
[Result "1-0"]
[WhiteElo "2498"]
[BlackElo "2374"]
[PlyCount "117"]
[EventDate "2012.02.07"]
[EventType "swiss"]
[EventRounds "9"]
[EventCountry "RUS"]
[SourceTitle "CBM 146 Extra"]
[Source "ChessBase"]
[SourceDate "2012.02.29"]
[SourceVersion "1"]
[SourceVersionDate "2012.02.29"]
[SourceQuality "1"]

1. d4 d5 2. c4 dxc4 3. e4 e5 4. Nf3 exd4 5. Bxc4 Nc6 6. 0-0 Be6 7. Nbd2 Bc5 8. Bxe6 fxe6 9. Qb3 Qd7 10. Nc4 Nf6 11. Nfe5 Nxe5 12. Nxe5 Qe7 13. Qxb7 0-0 14. Nd3 Bb6 15. Bg5 Qd7 16. Bxf6 gxf6 17. Rac1 Rae8 18. Qc6 Qg7 19. f4 Kh8 20. Rf3 Rg8 21. Rg3 Qf7 22. Rxg8+ Rxg8 23. b4 Qg6 24. g3 Qf7 25. Kf2 h5 26. Rg1 Kh7 27. Qc2 a5 28. b5 Qg6 29. Qe2 a4 30. h3 e5 31. Qf3 exf4 32. Qxf4 Qg5 33. Rb1 h4 34. Qxh4+ Qxh4 35. gxh4 Re8 36. Kf3 Kg6 37. Rb4 Kf7 38. Rxa4 f5 39. e5 Rh8 40. Kg3 Rg8+ 41. Kf4 Ke6 42. Rc4 Kd5 43. Rc6 Ba5 44. Kxf5 Rf8+ 45. Rf6 Rh8 46. a4 Kc4 47. Nf2 d3 48. e6 Bb4 49. Rf7 d2 50. Rxc7+ Kd4 51. b6 Rf8+ 52. Rf7 Rb8 53. Ne4 Ke3 54. Nxd2 Kxd2 55. Rd7+ Kc3 56. e7 Bxe7 57. Rxe7 Rxb6 58. h5 Ra6 59. Re6 1-0

[Event "RUS-chT2"]
[Site "Sochi"]
[Date "2007.05.11"]
[Round "9"]
[White "Sergienko, Sergey"]
[Black "Tonoian, Armen"]
[Result "1/2-1/2"]
[WhiteElo "2480"]
[BlackElo "2398"]
[PlyCount "89"]
[EventDate "2007.05.03"]
[EventType "team"]
[EventRounds "9"]
[EventCountry "RUS"]
[SourceTitle "CBM 118 Extra"]
[Source "ChessBase"]
[SourceDate "2007.07.04"]
[SourceVersion "1"]
[SourceVersionDate "2007.07.04"]
[SourceQuality "1"]

1. d4 d5 2. c4 dxc4 3. Nf3 Nf6 4. e3 e6 5. Bxc4 c5 6. 0-0 a6 7. b3 Nbd7 8. Bb2 Be7 9. Nbd2 0-0 10. Be2 b6 11. dxc5 Bxc5 12. Nd4 Bb7 13. Bf3 Nd5 14. Qe2 Qe7 15. a3 b5 16. b4 Bb6 17. N4b3 Rac8 18. Rac1 N7f6 19. g3 Nd7 20. Bd4 Ba8 21. Ne4 Bxd4 22. exd4 N7b6 23. Na5 Na4 24. Nc5 Qf6 25. Bg2 Ndc3 26. Qe3 Qxd4 27. Qxd4 Ne2+ 28. Kh1 Nxd4 29. Nxa6 Bxg2+ 30. Kxg2 Nc2 31. Nb7 Nxa3 32. Nd6 Rxc1 33. Rxc1 Nb6 34. Rc3 Nac4 35. Nxb5 Ra8 36. Nc5 h5 37. Nd7 Ra4 38. Nxb6 Nxb6 39. Rc6 Nd5 40. Rc8+ Kh7 41. Nd6 Rxb4 42. Nxf7 Kg6 43. Ne5+ Kf6 44. f4 g5 45. Nd3 1/2-1/2

[Event "Moscow RGSU-B"]
[Site "Moscow"]
[Date "2006.11.12"]
[Round "7"]
[White "Tonoian, Armen"]
[Black "Girya, Olga"]
[Result "1-0"]
[WhiteElo "2400"]
[BlackElo "2240"]
[PlyCount "93"]
[EventDate "2006.11.06"]
[EventType "tourn"]
[EventRounds "13"]
[EventCountry "RUS"]
[EventCategory "3"]
[SourceTitle "CBM 115 Extra"]
[Source "ChessBase"]
[SourceDate "2007.01.10"]
[SourceVersion "1"]
[SourceVersionDate "2007.01.10"]
[SourceQuality "1"]

1. d4 Nf6 2. c4 g6 3. Nc3 Bg7 4. e4 d6 5. Be2 0-0 6. Nf3 e5 7. 0-0 Nc6 8. d5 Ne7 9. Ne1 Nd7 10. Be3 f5 11. f3 f4 12. Bf2 g5 13. Rc1 Ng6 14. c5 Nxc5 15. b4 Na6 16. Nb5 Bd7 17. Nxa7 h5 18. a4 Rf7 19. Nd3 Qb8 20. Nb5 Bf6 21. Na3 b6 22. b5 Nc5 23. Nxc5 bxc5 24. Nc4 Qf8 25. Rb1 Bd8 26. a5 Rg7 27. a6 Nh8 28. Bxc5 dxc5 29. d6 Be6 30. dxc7 Bxc7 31. b6 Rxa6 32. bxc7 Rxc7 33. Nxe5 Rd6 34. Qc2 Qf6 35. Nc4 Rd4 36. Rb8+ Kg7 37. e5 Qg6 38. Qa4 Qf7 39. Rc1 Ng6 40. Qa5 Bxc4 41. Bxc4 Qe7 42. Rg8+ Kh7 43. Qb6 Nf8 44. Rxf8 Qxe5 45. Rh8+ Qxh8 46. Qxc7+ Qg7 47. Qxc5 1-0

[Event "Moscow RGSU-B"]
[Site "Moscow"]
[Date "2006.11.06"]
[Round "1"]
[White "Plotnikov, Pavel"]
[Black "Tonoian, Armen"]
[Result "0-1"]
[WhiteElo "2291"]
[BlackElo "2400"]
[PlyCount "76"]
[EventDate "2006.11.06"]
[EventType "tourn"]
[EventRounds "13"]
[EventCountry "RUS"]
[EventCategory "3"]
[SourceTitle "CBM 115 Extra"]
[Source "ChessBase"]
[SourceDate "2007.01.10"]
[SourceVersion "1"]
[SourceVersionDate "2007.01.10"]
[SourceQuality "1"]

1. Nf3 c5 2. c4 Nf6 3. Nc3 e6 4. g3 b6 5. Bg2 Bb7 6. 0-0 Be7 7. b3 0-0 8. Bb2 d6 9. d4 cxd4 10. Qxd4 a6 11. Rfd1 Nbd7 12. Rac1 Qc7 13. Ng5 Bxg2 14. Kxg2 Qb7+ 15. Kg1 b5 16. cxb5 axb5 17. Qb4 Rfb8 18. Nge4 Ne8 19. g4 Ne5 20. Ng3 d5 21. Qf4 Ng6 22. Qe3 h6 23. Nh5 Nf6 24. Qg3 Rd8 25. e3 e5 26. Rd2 d4 27. exd4 exd4 28. Ne2 Nxh5 29. gxh5 Nh4 30. Rd3 Bf6 31. a3 Rd5 32. Qc7 Rg5+ 33. Rg3 Rxg3+ 34. Qxg3 Re8 35. Kf1 d3 36. Nd4 Qh1+ 37. Qg1 Qxg1+ 38. Kxg1 Bxd4 0-1

[Event "Wch U20 45th"]
[Site "Yerevan"]
[Date "2006.10.09"]
[Round "7"]
[White "Alaverdyan, Gevorg"]
[Black "Tonoian, Armen"]
[Result "0-1"]
[WhiteElo "2202"]
[BlackElo "2400"]
[PlyCount "130"]
[EventDate "2006.10.03"]
[EventType "swiss"]
[EventRounds "13"]
[EventCountry "ARM"]
[SourceTitle "CBM 114 Extra"]
[Source "ChessBase"]
[SourceDate "2006.11.03"]
[SourceVersion "1"]
[SourceVersionDate "2006.11.03"]
[SourceQuality "1"]

1. e4 c5 2. Nf3 e6 3. d4 cxd4 4. Nxd4 Nc6 5. Nc3 Qc7 6. Be3 a6 7. Be2 Nf6 8. 0-0 Be7 9. Nxc6 bxc6 10. f4 d6 11. Qe1 0-0 12. Qg3 Nd7 13. Rad1 Rb8 14. b3 c5 15. f5 Bf6 16. Bg5 Be5 17. Bf4 Bxf4 18. Rxf4 Nf6 19. Rh4 e5 20. Rh6 Qe7 21. Rh3 Rb4 22. Qh4 Bxf5 23. g4 Bg6 24. Bc4 Qd7 25. a3 Rbb8 26. g5 Nxe4 27. Nd5 Nxg5 28. Rg3 h6 29. Qxh6 gxh6 30. Nf6+ Kh8 31. Nxd7 Ne4 32. Nxf8 Rxf8 33. Rh3 Kg7 34. Bxa6 Rb8 35. Bc4 f5 36. a4 f4 37. a5 Rd8 38. a6 Nf6 39. c3 Be4 40. Bf1 Kf7 41. Be2 Ba8 42. b4 cxb4 43. cxb4 Rg8+ 44. Kf2 e4 45. Rxd6 e3+ 46. Rxe3 Rg2+ 47. Kf1 fxe3 48. Rd8 Be4 49. a7 Rxh2 50. Bc4+ Kg7 51. a8Q Bxa8 52. Rxa8 Ne4 53. Bb5 e2+ 54. Bxe2 Ng3+ 55. Kg1 Rxe2 56. Ra7+ Kf6 57. b5 Rb2 58. Ra6+ Kg5 59. b6 Nf5 60. Kf1 h5 61. Kg1 h4 62. Kh1 Ng3+ 63. Kg1 h3 64. Ra5+ Kg6 65. Rg5+ Kxg5 0-1

[Event "Wch U20 45th"]
[Site "Yerevan"]
[Date "2006.10.08"]
[Round "6"]
[White "Tonoian, Armen"]
[Black "Wang, Li"]
[Result "0-1"]
[WhiteElo "2400"]
[BlackElo "2226"]
[PlyCount "66"]
[EventDate "2006.10.03"]
[EventType "swiss"]
[EventRounds "13"]
[EventCountry "ARM"]
[SourceTitle "CBM 114 Extra"]
[Source "ChessBase"]
[SourceDate "2006.11.03"]
[SourceVersion "1"]
[SourceVersionDate "2006.11.03"]
[SourceQuality "1"]

1. d4 d5 2. c4 c6 3. Nc3 e6 4. Nf3 dxc4 5. a4 Bb4 6. e3 b5 7. Bd2 a5 8. axb5 Bxc3 9. Bxc3 cxb5 10. b3 Bb7 11. bxc4 b4 12. Bb2 Nf6 13. Bd3 Nbd7 14. 0-0 0-0 15. Nd2 Qc7 16. f4 a4 17. Kh1 Rfd8 18. Qe2 Nf8 19. Qf2 N6d7 20. e4 f6 21. Qg3 a3 22. Bc1 Nb6 23. d5 Ba6 24. Bxa3 bxa3 25. Rxa3 Nbd7 26. Rfa1 Nc5 27. Bf1 Bb7 28. Qe3 Rxa3 29. Rxa3 Nfd7 30. g3 f5 31. Bg2 fxe4 32. Nxe4 Nxe4 33. Bxe4 Qxc4 0-1

[Event "Moscow op 02nd"]
[Site "Moscow"]
[Date "2006.02.03"]
[Round "6"]
[White "Tonoian, Armen"]
[Black "Grachev, Boris V"]
[Result "0-1"]
[WhiteElo "2388"]
[BlackElo "2510"]
[PlyCount "64"]
[EventDate "2006.01.29"]
[EventType "swiss"]
[EventRounds "9"]
[EventCountry "RUS"]
[SourceTitle "CBM 110 Extra"]
[Source "ChessBase"]
[SourceDate "2006.03.10"]
[SourceVersion "2"]
[SourceVersionDate "2006.03.10"]
[SourceQuality "1"]

1. d4 d5 2. c4 e6 3. Nc3 c6 4. e3 Nf6 5. Nf3 Nbd7 6. Bd3 dxc4 7. Bxc4 b5 8. Bd3 Bd6 9. 0-0 0-0 10. Ne2 a6 11. a4 Rb8 12. e4 e5 13. Bg5 c5 14. axb5 axb5 15. Ng3 cxd4 16. Nf5 Nc5 17. N3h4 Ne6 18. Bd2 g6 19. Nxd6 Qxd6 20. Qb3 b4 21. Ra5 Qd8 22. Rfa1 Bb7 23. Nf3 Bxe4 24. Nxe5 Bxd3 25. Nxd3 Ne4 26. Bxb4 Qh4 27. Qa3 Rfe8 28. f3 Nf6 29. Be7 Nf4 30. Nxf4 Qxf4 31. Re1 Nd7 32. Ra7 Ne5 0-1

[Event "Moscow Petrosian Memorial U18"]
[Site "Moscow"]
[Date "2005.01.??"]
[Round "6"]
[White "Gunina, Valentina"]
[Black "Tonoian, Armen"]
[Result "0-1"]
[WhiteElo "2340"]
[BlackElo "2321"]
[PlyCount "84"]
[EventDate "2005.01.??"]
[EventType "swiss"]
[EventRounds "9"]
[EventCountry "RUS"]
[SourceTitle "EXT 2006"]
[Source "ChessBase"]
[SourceDate "2005.11.24"]
[SourceVersion "1"]
[SourceVersionDate "2005.11.24"]
[SourceQuality "1"]

1. d4 d5 2. c4 dxc4 3. e3 Nf6 4. Bxc4 e6 5. Nf3 c5 6. 0-0 a6 7. Bb3 b5 8. a4 b4 9. Nbd2 Be7 10. e4 cxd4 11. e5 Nfd7 12. Ne4 Nc6 13. Nd6+ Bxd6 14. exd6 Nc5 15. Bf4 Nxb3 16. Qxb3 0-0 17. Rac1 Bb7 18. Qd3 Qf6 19. Bg5 Qg6 20. Qe2 e5 21. Be7 Rfe8 22. Nh4 Qe6 23. f4 Nxe7 24. dxe7 e4 25. f5 Qf6 26. Rc7 Bd5 27. g3 Qb6 28. Qc2 d3+ 29. Qc5 Qxc5+ 30. Rxc5 Bb3 31. f6 gxf6 32. Nf5 d2 33. a5 d1Q 34. Rxd1 Bxd1 35. Rc7 Bb3 36. Nd6 Be6 37. Nxe4 Kg7 38. Nd6 f5 39. Rb7 b3 40. Ra7 Rxa7 41. Nxe8+ Kg6 42. Nc7 Bd7 0-1

[Event "Moscow Petrosian Memorial U18"]
[Site "Moscow"]
[Date "2005.01.??"]
[Round "9"]
[White "Tonoian, Armen"]
[Black "Konovalov, Nikolay"]
[Result "1/2-1/2"]
[WhiteElo "2321"]
[BlackElo "2416"]
[PlyCount "100"]
[EventDate "2005.01.??"]
[EventType "swiss"]
[EventRounds "9"]
[EventCountry "RUS"]
[SourceTitle "EXT 2006"]
[Source "ChessBase"]
[SourceDate "2005.11.24"]
[SourceVersion "1"]
[SourceVersionDate "2005.11.24"]
[SourceQuality "1"]

1. d4 Nf6 2. c4 c5 3. d5 b5 4. cxb5 a6 5. bxa6 Bxa6 6. Nc3 d6 7. g3 g6 8. Bg2 Bg7 9. Nf3 Nbd7 10. Rb1 Nb6 11. b3 Bb7 12. Nh4 0-0 13. 0-0 Ra7 14. Bb2 Qa8 15. e4 Ba6 16. Re1 Nfd7 17. Nf3 Ne5 18. Nxe5 Bxe5 19. a4 Rb7 20. Qc2 Rfb8 21. Bf1 Bxf1 22. Rxf1 Nc8 23. Nb5 Bxb2 24. Rxb2 Na7 25. Na3 Rb4 26. Nc4 Nc8 27. a5 Qb7 28. Ra1 Na7 29. Ra4 Qa6 30. e5 dxe5 31. Nxe5 Qb5 32. Nc4 Nc8 33. Rxb4 Qxb4 34. Qe4 Qb7 35. Qe5 Ra8 36. h4 h5 37. Kh2 Ra6 38. Qe3 Nd6 39. Re2 Qxd5 40. Nb6 Qc6 41. Qxe7 Rxa5 42. Nd7 Ra8 43. Nf6+ Kg7 44. Qe5 Nf5 45. Nxh5+ Kh6 46. Nf6 Qd6 47. Qc3 Nd4 48. Ne8 Qc6 49. Qe3+ Kh7 50. Qe4 Qxe4 1/2-1/2

[Event "Vladimir op"]
[Site "Vladimir"]
[Date "2004.08.20"]
[Round "3"]
[White "Ivanov, Victor L"]
[Black "Tonoian, Armen"]
[Result "1-0"]
[WhiteElo "2459"]
[BlackElo "2303"]
[PlyCount "69"]
[EventDate "2004.08.18"]
[EventType "swiss"]
[EventRounds "9"]
[EventCountry "RUS"]
[SourceTitle "EXT 2005"]
[Source "ChessBase"]
[SourceDate "2004.11.15"]
[SourceVersion "1"]
[SourceVersionDate "2004.11.15"]
[SourceQuality "1"]

1. e4 c5 2. c3 Nf6 3. e5 Nd5 4. Nf3 e6 5. Bc4 Nc6 6. 0-0 d6 7. d4 cxd4 8. cxd4 Be7 9. Qe2 0-0 10. Re1 Na5 11. Bxd5 exd5 12. Nc3 Be6 13. Bf4 Re8 14. Qd3 Rc8 15. exd6 Bxd6 16. Ng5 g6 17. Nxe6 fxe6 18. Nxd5 exd5 19. Rxe8+ Qxe8 20. Bxd6 Nc4 21. Bg3 Qe4 22. Qxe4 dxe4 23. Rc1 Kf7 24. b3 Nb6 25. Rc5 Rxc5 26. dxc5 Nd7 27. b4 Ke6 28. Kf1 Kd5 29. Ke2 a5 30. a3 axb4 31. axb4 Kd4 32. Bd6 Kd5 33. Ke3 b6 34. Be7 Ke6 35. c6 1-0

[Event "Vladimir op"]
[Site "Vladimir"]
[Date "2004.08.19"]
[Round "2"]
[White "Tonoian, Armen"]
[Black "Pechnikov, Artiom"]
[Result "1-0"]
[WhiteElo "2303"]
[BlackElo "2133"]
[PlyCount "109"]
[EventDate "2004.08.18"]
[EventType "swiss"]
[EventRounds "9"]
[EventCountry "RUS"]
[SourceTitle "EXT 2005"]
[Source "ChessBase"]
[SourceDate "2004.11.15"]
[SourceVersion "1"]
[SourceVersionDate "2004.11.15"]
[SourceQuality "1"]

1. d4 d5 2. c4 c6 3. Nc3 Nf6 4. e3 e6 5. Nf3 Nbd7 6. Bd3 dxc4 7. Bxc4 b5 8. Bd3 a6 9. e4 c5 10. d5 c4 11. dxe6 fxe6 12. Bc2 Qc7 13. 0-0 Bb7 14. Nd4 Nc5 15. Be3 0-0-0 16. Qe2 e5 17. Nf3 Ncxe4 18. a4 Nxc3 19. bxc3 b4 20. cxb4 Bxb4 21. Bf5+ Kb8 22. Rab1 a5 23. Rfc1 c3 24. Ne1 Rhe8 25. Nc2 Qc6 26. f3 Nd5 27. Be4 Qxa4 28. Ra1 Qc6 29. Rcb1 Qd6 30. Nxb4 axb4 31. Bxd5 Qxd5 32. Rxb4 Qd3 33. Ba7+ Kc7 34. Bb6+ Kc6 35. Qe1 Rd5 36. Rc1 c2 37. Rb2 Kd6 38. Rbxc2 Ke6 39. Rc7 Rd7 40. Rxd7 Qxd7 41. Rc7 Qd5 42. Rxg7 Qc6 43. Be3 Qd5 44. h3 e4 45. Qh4 h5 46. f4 Qb3 47. f5+ Kd5 48. Qg5 Kc4 49. Rc7+ Kd3 50. Qg3 Bd5 51. Bg5+ e3 52. Kh2 Qa2 53. Rd7 Re5 54. f6 h4 55. Qf3 1-0

[Event "RUS-chT Clubs U18"]
[Site "Rybinsk"]
[Date "2004.08.??"]
[Round "3"]
[White "Bryndin, Alexey"]
[Black "Tonoian, Armen"]
[Result "0-1"]
[WhiteElo "2205"]
[BlackElo "2292"]
[PlyCount "80"]
[EventDate "2004.08.??"]
[EventType "team-tourn"]
[EventRounds "9"]
[EventCountry "RUS"]
[SourceTitle "EXT 2005"]
[Source "ChessBase"]
[SourceDate "2004.11.15"]
[SourceVersion "1"]
[SourceVersionDate "2004.11.15"]
[SourceQuality "1"]

1. Nf3 c5 2. g3 Nc6 3. d4 cxd4 4. Nxd4 g6 5. Bg2 Bg7 6. Nb3 Nf6 7. Nc3 0-0 8. 0-0 d6 9. a4 Be6 10. e4 Nb4 11. Nd4 Bc4 12. Re1 Ng4 13. Ncb5 Bxb5 14. Nxb5 a6 15. Na3 Nf6 16. c3 Nc6 17. Nc4 Nd7 18. a5 b5 19. e5 Ncxe5 20. Nxe5 Bxe5 21. Bxa8 Qxa8 22. f4 Bf6 23. Be3 d5 24. Qd2 Qc6 25. Rad1 e6 26. Bd4 Bg7 27. Bxg7 Kxg7 28. Qd4+ Kg8 29. g4 f5 30. gxf5 Rxf5 31. Re3 Nc5 32. b4 Nd7 33. Rde1 Rf6 34. h4 Qd6 35. Rf1 Rf5 36. Rfe1 Rf6 37. Re5 Qc6 38. R5e3 Qd6 39. Rf1 h6 40. Rg3 h5 0-1

[Event "RUS-ch U18"]
[Site "Dagomys"]
[Date "2004.04.??"]
[Round "9"]
[White "Konovalov, Valerij"]
[Black "Tonoian, Armen"]
[Result "1/2-1/2"]
[WhiteElo "2364"]
[BlackElo "2292"]
[PlyCount "52"]
[EventDate "2004.04.??"]
[EventType "swiss"]
[EventRounds "10"]
[EventCountry "RUS"]
[SourceTitle "EXT 2005"]
[Source "ChessBase"]
[SourceDate "2004.11.15"]
[SourceVersion "1"]
[SourceVersionDate "2004.11.15"]
[SourceQuality "1"]

1. d4 d5 2. c4 dxc4 3. Nf3 Nf6 4. e3 e6 5. Bxc4 c5 6. 0-0 a6 7. dxc5 Bxc5 8. Qxd8+ Kxd8 9. Nbd2 Ke7 10. Be2 b6 11. Nb3 Bd6 12. Nfd2 Bb7 13. Nc4 Bc7 14. Bd2 Nc6 15. Bf3 b5 16. Nca5 Nxa5 17. Bxa5 Bxf3 18. Bxc7 Bd5 19. f3 Bxb3 20. axb3 Nd5 21. Rfc1 Rhc8 22. Be5 f6 23. Bd4 Rxc1+ 24. Rxc1 Kd7 25. Kf2 Rc8 26. Rxc8 Kxc8 1/2-1/2